La réponse est (presque) une célébrité - Statistiques

Statistiques générales
  • Ce quiz a été pris 175 fois
  • Le résultat moyen est 11 sur 20
Statistiques - réponses
Hint Réponse % Correct
Scientifique(s) Épice utilisée dans la cuisine indienne entre autres Pierre Curie / Marie Curie
96%
Acteur Forme avec 4 côtés de même longueur et 4 angles droits Jim Carrey
83%
Présentateur Bonne ou mauvaise selon l'humeur, elle peut aussi être de crayon ou de charbon Olivier Minne
79%
Homme(s) politique(s) Orifice par lequel la nourriture entre dans le corps George W. Bush / George H. W. Bush
73%
Pilote Chambre haute du Parlement en France notamment Ayrton Senna
70%
Femme politique To be alive pour Patrick Hernandez Élisabeth Borne
69%
Compositeur Sigle d'un service de la police nationale ou abréviation d'un diplôme français Jean-Sébastien Bach
68%
Footballeur Jésus Christ est considéré comme tel Lionel Messi
66%
Femme politique Jour qui précède un autre Simone Veil
65%
Aède Prénom du père dans Les Simpson Homère
62%
Acteur Familièrement, une bêtise Sean Connery
61%
Acteur Le religieux retiré dans un lieu désert Thierry Lhermitte
44%
Chanteuse Superhéros Marvel inspiré d'un dieu de la mythologie scandinave Michèle Torr
42%
Explorateur Personne allée chercher des terres sur un territoire extérieur à la métropole Christophe Colomb
41%
Écrivain Fleuve qui traverse notamment Turin Edgar Allan Poe
41%
Actrice Ancienne région française de Metz, Nancy et Épinal Sophia Loren
34%
Réalisateur Associé à Saturne tout comme à Gollum Jean-Jacques Annaud
32%
Footballeur Il se ressere dans une expression Samuel Eto'o
23%
Chanteur Autre nom pour les religieuses John Lennon
18%
Humoriste et actrice Quand on désigne un lieu caché par quelque chose au-dessus de lui Chantal Ladesou
11%
Aucun quiz correspondant
Distribution des résultats
% des personnes avec chaque résultat
Percentile par nombre de réponses
Votre historique - résultats
Vous n’avez pas pris ce quiz